000 00398 a2200157 4500
003 OSt
005 20240202103541.0
008 240202b |||||||| |||| 00| 0 eng d
040 _coclc
082 _a297
_bADI/N
100 _aAdiyar, Abdulla
_92069
245 _aNJAN SNEHIKKUNNA ISLAM /
260 _bIPC,
300 _a72P.
942 _2ddc
_cBK
_h297
_iADI/N
_k297
_mADI/N
999 _c43407
_d43407